000 00461nam a2200157 i 4500
001 149554
003 ES-MaACL
007 t|
008 071023s1975 sp ||||1| spa d
100 1 _aVázquez-Figueroa, Alberto.
_9113442
245 1 0 _aEbano
_b: la ruta de los esclavos /
_cpor Alberto Vázquez-Figueroa.
250 _a[3ª ed.].
260 _a[Barcelona] :
_bPlaza Janés,
_c[1975]
300 _a311 p. ;
_c20 cm.
852 _aES-MaACL
_jE-7782
_bR.92010
999 _c149554
_d149554